000 00995 a2200217 4500
001 61881
005 20260407155911.0
008 260407a1979 arg spa d
003 AR-UNSa-BCEJYS
040 _aAR-UNSa-BCEJYS
_bspa
_cAR-UNSa-BCEJYS
080 _a347.72
_xSociedades comerciales
245 1 0 _aPrimer congreso de derecho societario
264 1 _aBuenos Aires :
_bEdiciones Depalma
_c1979
300 _a2 v. (735 ; 924 p.)
_c23 cm.
505 _aVol. I: Comisión I: Agrupación de sociedades - Comisión II: Iter constitutivo y sociedades irregulares -- Vol. II: Comisión III: Asamblea de sociedades por acciones - Comisión IV: Control estatatal de sociedades por acciones -
041 _aspa
942 _cBK
590 _aniveau_biblio:m niveau_hierar:0
100 1 _aCongreso de Derecho Societario (1º : 1977 ago. 17-20 : La Cumbre, Córdoba, Argentina)
700 1 _aUniversidad Nacional de Córdoba. Facultad de Derecho y Ciencias Sociales. Instituto de Derecho Comercial
999 _c7471
_d7471